| 000 | 00558nam a2200217 a 4500 | ||
|---|---|---|---|
| 001 | BRCA_4286 | ||
| 005 | 20190320204620.0 | ||
| 008 | 230610s1963----nyu#######---#000-0#eng-# | ||
| 041 | _aeng | ||
| 044 | _anyu | ||
| 050 | 4 |
_aPZ4 _b.R93 1963 |
|
| 100 | 1 |
_aRydell, Forbes _911035 |
|
| 245 | 1 | 0 |
_aNo Questions Asked _cForbes Rydell. |
| 260 |
_aCiudad Jardín, Nueva York _bDoubleday _c1963 |
||
| 300 |
_a178 p. _c21 cm. |
||
| 440 | 0 |
_aA crime club selection _9876 |
|
| 500 | _aCEF82 | ||
| 650 | 1 | 4 |
_aNovelas policíacas _9877 |
| 902 | _aGFM | ||
| 942 |
_2lcc _cB |
||
| 999 |
_c3997 _d3997 |
||